Gaming Quiz

Random Gaming or Alphabet Quiz

Pokemon alphabetically (Gen. 1) Quiz Stats

 Plays Quiz not verified by Sporcle

Challenge
Share
Tweet
Embed
Score 0/151 Timer 20:00
0 Plays Today
% Correct
Abra
98.1%
Alakazam
91.1%
Aerodactyl
88.4%
Articuno
87.3%
Arcanine
85.9%
Arbok
85.6%
Charizard
85.6%
Charmander
85.3%
Charmeleon
85.3%
Bulbasaur
85%
Beedrill
84.8%
Caterpie
82.3%
Bellsprout
81.4%
Eevee
81.2%
Blastoise
80.9%
Butterfree
80.9%
Ivysaur
79.2%
Jynx
78.7%
Doduo
78.4%
Dodrio
78.1%
Dragonair
78.1%
Dratini
78.1%
Dragonite
77.8%
Fearow
77.6%
Machamp
77.6%
Machoke
77.6%
Machop
77.6%
Diglett
77.3%
Gastly
77.3%
Gengar
77.3%
Jigglypuff
77.3%
Dugtrio
77%
Flareon
77%
Geodude
77%
Farfetch'd
76.7%
Chansey
76.5%
Kabuto
76.5%
Nidoking
76.5%
Hitmonchan
76.2%
Nidoqueen
76.2%
Clefable
75.9%
Clefairy
75.9%
Golem
75.9%
Hitmonlee
75.9%
Jolteon
75.9%
Kabutops
75.9%
Nidoran♀
75.9%
Lapras
75.6%
Omanyte
75.6%
Omastar
75.6%
Exeggcute
75.1%
% Correct
Nidorina
74.8%
Nidorino
74.5%
Cloyster
74.2%
Exeggutor
74.2%
Haunter
74.2%
Graveler
74%
Nidoran♂
74%
Ekans
73.7%
Kakuna
73.4%
Dewgong
73.1%
Magnemite
73.1%
Magneton
73.1%
Electabuzz
72.9%
Electrode
72.9%
Zapdos
72.9%
Gyarados
72.6%
Poliwag
72.6%
Zubat
72.6%
Kadabra
72.3%
Oddish
72.3%
Poliwhirl
72.3%
Poliwrath
72.3%
Kangaskhan
71.7%
Krabby
71.7%
Golbat
71.5%
Drowzee
70.9%
Golduck
70.9%
Raichu
70.9%
Gloom
70.6%
Kingler
70.6%
Onix
70.6%
Rattata
70.6%
Vulpix
70.6%
Mew
70.4%
Mewtwo
70.4%
Raticate
70.4%
Lickitung
70.1%
Magmar
70.1%
Mankey
70.1%
Pidgeot
70.1%
Pikachu
70.1%
Pidgeotto
69.8%
Pidgey
69.8%
Cubone
69.5%
Goldeen
69.5%
Magikarp
69.5%
Ninetales
69.5%
Tentacool
69.5%
Venonat
69.5%
Hypno
69.3%
Tentacruel
69.3%
% Correct
Vaporeon
69.3%
Growlithe
69%
Paras
69%
Venusaur
69%
Wartortle
69%
Parasect
68.7%
Venomoth
68.7%
Weepinbell
68.7%
Victreebel
68.4%
Rapidash
68.1%
Rhydon
68.1%
Meowth
67.9%
Sandshrew
67.9%
Sandslash
67.9%
VIleplume
67.9%
Rhyhorn
67.6%
Horsea
67.3%
Metapod
67.3%
Muk
67%
Tangela
67%
Weedle
67%
DItto
66.8%
Grimer
66.5%
Moltres
66.5%
Koffing
66.2%
Tauros
66.2%
Mr. Mime
65.9%
Staryu
65.9%
Persian
65.7%
Starmie
65.7%
Pinsir
65.4%
Seel
65.4%
Slowbro
65.4%
Slowpoke
65.4%
Ponyta
65.1%
Voltorb
65.1%
Porygon
64.5%
Seaking
63.7%
Wigglytuff
63.7%
Seadra
63.4%
Scyther
63.2%
Weezing
63.2%
Squirtle
62.6%
Snorlax
62%
Marowak
61.8%
Psyduck
61.5%
Primeape
60.1%
Spearow
59.6%
Shellder
58.4%

You're not logged in!

Compare scores with friends on all Sporcle quizzes.
Join for Free
OR
Log In

You Might Also Like...

Show Comments

Extras

Top Quizzes Today


Score Distribution

Your Account Isn't Verified!

In order to create a playlist on Sporcle, you need to verify the email address you used during registration. Go to your Sporcle Settings to finish the process.

Report this User

Report this user for behavior that violates our Community Guidelines.

Details: